Kroniky pozůstalých. Kniha první, Falešný polibek /
Lia nestojí o politický sňatek zajišťující spojenectví dvou mocných zemí. Chce se zamilovat. Uteče do klidného městečka na břehu moře. Tam ji najdou dva muži: princ, kterého si měla vzít, a nájemný vrah, který ji má zabít. Který z nich je ale který? Proč vrah váhá se svým úkolem? Proč princ tají svo...
Uloženo v:
| Série: | Kroniky pozůstalých,
část 1 |
|---|---|
| Hlavní autor: | |
| Další autoři: | |
| Médium: | E-kniha |
| Jazyk: | Czech |
| Vydáno: |
V Praze :
CooBoo,
2017
|
| Vydání: | 1. vydání |
| Témata: | |
| Příbuzné jednotky: | Z cyklu::
Kroniky pozůstalých |
| Tagy: |
Žádné tagy |
| LEADER | 02933nam a2200553 i 4500 | ||
|---|---|---|---|
| 001 | 310806 | ||
| 003 | CZ PrSKC | ||
| 005 | 20260601215655.0 | ||
| 007 | ta | ||
| 008 | 170601s2017 xr d 000 f cze | ||
| 015 | |a cnb002900687 | ||
| 020 | |a 9788075443311 |q (vázáno) | ||
| 020 | |a 978-80-7544-901-6 |q (soubor v krabici 2019 ; |q vázáno) : |c Kč 890,00 | ||
| 035 | |a (OCoLC)993638338 | ||
| 040 | |a OLA001 |b cze |e rda | ||
| 041 | 1 | |a cze |h eng | |
| 072 | 7 | |a 821.111(73)-3 |x Americká próza |2 Konspekt | |
| 072 | 7 | |a 821-93 |x Literatura pro děti a mládež (beletrie) |2 Konspekt | |
| 080 | |a 821.111(73)-31 |2 MRF | ||
| 080 | |a 821-93 |2 MRF | ||
| 080 | |a (0:82-312.9) |2 MRF | ||
| 100 | 1 | |a Pearson, Mary |q (Mary E.), |d 1955- |7 xx0214018 |4 aut | |
| 240 | 1 | 0 | |a Kiss of deception. |l Česky |
| 245 | 1 | 0 | |a Kroniky pozůstalých. |n Kniha první, |p Falešný polibek / |c Mary E. Pearsonová ; přeložila Jana Jašová |
| 246 | 3 | 0 | |a Falešný polibek |
| 250 | |a 1. vydání | ||
| 264 | 1 | |a V Praze : |b CooBoo, |c 2017 | |
| 300 | |a 365 stran ; |c 22 cm | ||
| 336 | |a text |b txt |2 rdacontent | ||
| 337 | |a bez média |b n |2 rdamedia | ||
| 338 | |a svazek |b nc |2 rdacarrier | ||
| 500 | |a V roce 2019 vydán soubor 3 knih (Falešný polibek, Zrádné srdce, Temná krása) ; společný název na krabici: Kroniky pozůstalých ; ISBN souboru pouze na krabici | ||
| 500 | |a Přeloženo z angličtiny | ||
| 520 | 2 | |a Lia nestojí o politický sňatek zajišťující spojenectví dvou mocných zemí. Chce se zamilovat. Uteče do klidného městečka na břehu moře. Tam ji najdou dva muži: princ, kterého si měla vzít, a nájemný vrah, který ji má zabít. Který z nich je ale který? Proč vrah váhá se svým úkolem? Proč princ tají svou totožnost? A má Lia opravdu dar, který mají skoro všechny První dcery z jejího rodu, vzácné magické nadání? | |
| 520 | 2 | |a První část trilogie o princezně, která uteče v den svatby, aby si nemusela vzít prince, kterého nikdy neviděla. | |
| 655 | 7 | |a americké romány |7 fd131796 |2 czenas | |
| 655 | 7 | |a fantasy romány |7 fd184199 |2 czenas | |
| 655 | 7 | |a publikace pro mládež |7 fd133157 |2 czenas | |
| 655 | 9 | |a American fiction |2 eczenas | |
| 655 | 9 | |a fantasy novels |2 eczenas | |
| 655 | 9 | |a juvenile literature |2 eczenas | |
| 700 | 1 | |a Jašová, Jana, |d 1968- |7 jo20000080723 |4 trl | |
| 787 | 0 | 8 | |i Z cyklu: |t Kroniky pozůstalých |g 1 |
| 900 | |a ABA001 |b 21 | ||
| 928 | 9 | |a Albatros Media - CooBoo | |
| 044 | |a xr | ||
| 910 | |a RBIT002 | ||
| 998 | |d 173995 |a https://core.palmknihy.cz/api/books/173995/cover?icpjv6 |b https://core.palmknihy.cz/api/books/173995/cover/400?bbfpqt |c https://core.palmknihy.cz/api/books/173995/cover/50?66sfpq |e 2027-04-11 |g 368 |i 9788075443311 |j https://core.palmknihy.cz/api/books/173995/preview.epub |k https://core.palmknihy.cz/api/books/173995/preview.pdf |l |q 49 |r 1 |s https://www.palmknihy.cz/kniha/173995 |t ebook |y 2017 |z 0 |v Letopisy Pozůstalých |w 1 | ||
| 999 | |d 310804 | ||